O:lla alkavat Suomen kunnat - Statistics

Yleistilastot
  • Tätä visaa on pelattu 3 108 kertaa
  • Keskiarvotulos 5 / 6
Vastaustilastot
Maakunta Kunta % Oikein
Pohjois-Pohjanmaa Oulu
95%
Pirkanmaa Orivesi
88%
Päijät-Häme Orimattila
85%
Pohjois-Pohjanmaa Oulainen
83%
Pohjois-Karjala Outokumpu
81%
Varsinais-Suomi Oripää
73%
Ehtoja vastaavia visoja ei löytynyt
Tulosjakauma
Jokaisen tuloksen saaneiden osuus
Persentiili vastausten määrän mukaan
Tuloshistoriasi
Et ole pelannut tätä visaa